{"text_format":"3","workbook":"xlsx","n_sheets":2,"sheets":["SUMMARY","MATERIAL TAKE-OFF"],"not_rendered":{"charts":1,"images":3,"defined_names":3},"read":"whole","date_system":"1900"}

{"sheet":"SUMMARY","index":0,"n_rows":18,"n_cols":4,"rows_kept":18,"merged":[[13,0,13,3],[17,0,17,1]]}
[]
["Project ID:"]
[]
["Address:"]
[]
["No. of Floors:",2]
[]
["Building GSF",2475]
[]
["DIVISION NO.","DESCRIPTION","TOTAL DIV. COST","TOTAL DIV. COST (PER SF)"]
[1000,"General Requirements",{"$f":"'MATERIAL TAKE-OFF'!P19","v":{"v":3575.4655892716282,"d":"$3,575"}},{"$f":"C11/$B$8","v":{"v":1.44463256132187,"d":"$1.44"}}]
[22000,"Plumbing",{"$f":"'MATERIAL TAKE-OFF'!P72","v":{"v":30223.715885643513,"d":"$30,224"}},{"$f":"C12/$B$8","v":{"v":12.211602378037783,"d":"$12.21"}}]
["PROJECTED COST",null,{"$f":"SUM(C11:C12)","v":{"v":33799.18147491514,"d":"$33,799"}},{"$f":"SUM(D11:D12)","v":{"v":13.656234939359653,"d":"$14"}}]
[]
["OVERHEAD AND PROFIT",{"v":0.2,"d":"20%"},{"$f":"$C$13*B15","v":{"v":6759.836294983028,"d":"$6,760"}},{"$f":"$D$13*B15","v":{"v":2.7312469878719305,"d":"$3"}}]
["INSURANCE",{"v":0.03,"d":"3%"},{"$f":"$C$13*B16","v":{"v":1013.9754442474541,"d":"$1,014"}},{"$f":"$D$13*B16","v":{"v":0.40968704818078955,"d":"$0"}}]
["CONTINGENCY",{"v":0.05,"d":"5%"},{"$f":"$C$13*B17","v":{"v":1689.959073745757,"d":"$1,690"}},{"$f":"$D$13*B17","v":{"v":0.6828117469679826,"d":"$1"}}]
["SUGGESTED BASE BID",null,{"$f":"SUM(C13:C17)","v":{"v":43262.95228789137,"d":"$43,263"}},{"$f":"SUM(D13:D17)","v":{"v":17.479980722380354,"d":"$17"}}]

{"sheet":"MATERIAL TAKE-OFF","index":1,"n_rows":90,"n_cols":17,"rows_kept":90,"merged":[[2,10,2,11],[2,12,2,13],[3,10,3,11],[3,12,3,13],[4,10,4,11],[4,12,4,13],[5,10,5,11],[5,12,5,13],[6,10,6,11],[6,12,6,13],[7,10,7,11],[7,12,7,13],[10,1,10,14],[20,1,20,14],[22,1,70,1],[73,0,73,13],[74,0,74,13],[75,0,75,13],[76,0,76,13],[77,0,77,12],[79,1,79,14]]}
[]
[]
["Project: "]
[]
["Address:"]
[]
["Scope:","PLUMBING"]
[]
["Date:"]
["SR #","REF","DESCRIPTION","QUANTITY","UNIT","WASTAGE","QUANTITY W/ WASTAGE","LABOR HOURS","WAGES","TOTAL LABOR  HOUR","TOTAL LABOUR COST","MATERIAL RATE","TOTAL MATETRIAL COST","EQUIPMENT RATE","TOTAL EQUIPMENT COSTS","SUB COST"]
[null,"01. GENERAL REQUIREMENTS"]
[1,null,"Supervision and Coordination",1,"LS",{"v":0,"d":"0%"},{"$f":"(F12*D12)+D12","v":{"v":1,"d":"1.00"}},{"$f":"2.5%*$Q$12/I12","v":{"v":14.472187265678755,"d":"14.47"}},{"v":52.21,"d":"$52.21"},{"$f":"H12*G12","v":{"v":14.472187265678755,"d":"14.47"}},{"$f":"I12*J12","v":{"v":755.5928971410879,"d":"$755.59"}},{"v":0,"d":"$0.00"},{"$f":"L12*G12","v":{"v":0,"d":"$0.00"}},{"v":0,"d":"$0.00"},{"$f":"N12*G12","v":{"v":0,"d":"$0.00"}},{"$f":"IF(D12=\"\",\"\",(K12+M12+O12))","v":{"v":755.5928971410879,"d":"$755.59"}},{"$f":"SUM(P23:P72)/2","v":{"v":30223.715885643513,"d":"$30,223.72"}}]
[{"$f":"A12+1","v":2},null,"Submittals and Shop drawings",1,"LS",{"v":0,"d":"0%"},{"v":1,"d":"1.00"},{"$f":"1.65%*$Q$12/I13","v":{"v":9.55164359534798,"d":"9.55"}},{"v":52.21,"d":"$52.21"},{"v":9.55164359534798,"d":"9.55"},{"v":498.691312113118,"d":"$498.69"},{"v":0,"d":"$0.00"},{"v":0,"d":"$0.00"},{"v":0,"d":"$0.00"},{"v":0,"d":"$0.00"},{"v":498.691312113118,"d":"$498.69"}]
[3,null,"Final Cleaning",1,"LS",{"v":0,"d":"0%"},{"v":1,"d":"1.00"},{"$f":"0.85%*$Q$12/I14","v":{"v":4.920543670330777,"d":"4.92"}},{"v":52.21,"d":"$52.21"},{"v":4.920543670330777,"d":"4.92"},{"v":256.9015850279699,"d":"$256.90"},{"v":0,"d":"$0.00"},{"v":0,"d":"$0.00"},{"v":0,"d":"$0.00"},{"v":0,"d":"$0.00"},{"v":256.9015850279699,"d":"$256.90"}]
[4,null,"Mobilization Costs",1,"LS",{"v":0,"d":"0%"},{"v":1,"d":"1.00"},{"$f":"2.35%*$Q$12/I15","v":{"v":13.603856029738031,"d":"13.60"}},{"v":52.21,"d":"$52.21"},{"v":13.603856029738031,"d":"13.60"},{"v":710.2573233126226,"d":"$710.26"},{"v":0,"d":"$0.00"},{"v":0,"d":"$0.00"},{"v":0,"d":"$0.00"},{"v":0,"d":"$0.00"},{"v":710.2573233126226,"d":"$710.26"}]
[5,null,"Bond @ 2%",1,"LS",{"v":0,"d":"0%"},{"v":1,"d":"1.00"},{"$f":"2%*$Q$12/I16","v":{"v":11.577749812543004,"d":"11.58"}},{"v":52.21,"d":"$52.21"},{"v":11.577749812543004,"d":"11.58"},{"v":604.4743177128703,"d":"$604.47"},{"v":0,"d":"$0.00"},{"v":0,"d":"$0.00"},{"v":0,"d":"$0.00"},{"v":0,"d":"$0.00"},{"v":604.4743177128703,"d":"$604.47"}]
[6,null,"Temporary Control & Facilities",1,"LS",{"v":0,"d":"0%"},{"v":1,"d":"1.00"},{"$f":"0.98%*$Q$12/I17","v":{"v":5.673097408146072,"d":"5.67"}},{"v":52.21,"d":"$52.21"},{"v":5.673097408146072,"d":"5.67"},{"v":296.1924156793064,"d":"$296.19"},{"v":0,"d":"$0.00"},{"v":0,"d":"$0.00"},{"v":0,"d":"$0.00"},{"v":0,"d":"$0.00"},{"v":296.1924156793064,"d":"$296.19"}]
[7,null,"Scaffolding",1,"LS",{"v":0,"d":"0%"},{"v":1,"d":"1.00"},{"$f":"1.5%*$Q$12/I18","v":{"v":8.683312359407253,"d":"8.68"}},{"v":52.21,"d":"$52.21"},{"v":8.683312359407253,"d":"8.68"},{"v":453.3557382846527,"d":"$453.36"},{"v":0,"d":"$0.00"},{"v":0,"d":"$0.00"},{"v":0,"d":"$0.00"},{"v":0,"d":"$0.00"},{"v":453.3557382846527,"d":"$453.36"}]
[{"$f":"IF(E19=0,\"\",1+MAX(A13:A18))","v":""},{"$nulls":13},"SUBTOTAL",{"$f":"SUM(P12:P18)","v":{"v":3575.4655892716282,"d":"$3,575.47"}}]
[{"$f":"IF(E20=0,\"\",1+MAX(#REF!))","v":""}]
[{"$f":"IF(E21=0,\"\",1+MAX(A20:A20))","v":""},"22. PLUMBING"]
[{"$f":"IF(E22=0,\"\",1+MAX(A20:A21))","v":""},null,"Water Pipes"]
[{"$f":"IF(D23=0,\"\",1+MAX(A$12:A22))","v":8},"P-2\nP-21","1'' Cold Water Pipe",26.64,"LF",{"v":0.1,"d":"10%"},{"$f":"(F23*D23)+D23","v":{"v":29.304000000000002,"d":"29.30"}},{"v":0.124,"d":"0.12"},{"v":58.78,"d":"$58.78"},{"$f":"H23*G23","v":{"v":3.633696,"d":"3.63"}},{"$f":"I23*J23","v":{"v":213.58865088000002,"d":"$213.59"}},{"v":9.1,"d":"$9.10"},{"$f":"L23*G23","v":{"v":266.6664,"d":"$266.67"}},{"v":0,"d":"$0.00"},{"$f":"N23*G23","v":{"v":0,"d":"$0.00"}},{"$f":"IF(D23=\"\",\"\",(K23+M23+O23))","v":{"v":480.25505088,"d":"$480.26"}}]
[{"$f":"IF(D24=0,\"\",1+MAX(A$12:A23))","v":9},null,"1/2'' Cold Water Pipe",38.84,"LF",{"v":0.1,"d":"10%"},{"v":42.724000000000004,"d":"42.72"},{"v":0.104,"d":"0.10"},{"v":58.78,"d":"$58.78"},{"v":4.443296,"d":"4.44"},{"v":261.17693888,"d":"$261.18"},{"v":4.95,"d":"$4.95"},{"v":211.48380000000003,"d":"$211.48"},{"v":0,"d":"$0.00"},{"v":0,"d":"$0.00"},{"v":472.66073888000005,"d":"$472.66"}]
[{"$f":"IF(D25=0,\"\",1+MAX(A$12:A24))","v":10},null,"1/2'' Hot Water Pipe",9.79,"LF",{"v":0.1,"d":"10%"},{"v":10.768999999999998,"d":"10.77"},{"v":0.104,"d":"0.10"},{"v":58.78,"d":"$58.78"},{"v":1.1199759999999999,"d":"1.12"},{"v":65.83218928,"d":"$65.83"},{"v":4.95,"d":"$4.95"},{"v":53.306549999999994,"d":"$53.31"},{"v":0,"d":"$0.00"},{"v":0,"d":"$0.00"},{"v":119.13873927999998,"d":"$119.14"}]
[{"$f":"IF(D26=0,\"\",1+MAX(A$12:A25))","v":11},null,"1/2'' Compressed Air To Oil Pipe",49.21,"LF",{"v":0.1,"d":"10%"},{"v":54.131,"d":"54.13"},{"v":0.104,"d":"0.10"},{"v":58.78,"d":"$58.78"},{"v":5.629624,"d":"5.63"},{"v":330.90929872,"d":"$330.91"},{"v":4.95,"d":"$4.95"},{"v":267.94845000000004,"d":"$267.95"},{"v":0,"d":"$0.00"},{"v":0,"d":"$0.00"},{"v":598.85774872,"d":"$598.86"}]
[{"$f":"IF(D27=0,\"\",1+MAX(A$12:A26))","v":12},null,"3/4'' Hot Water Pipe",7.75,"LF",{"v":0.1,"d":"10%"},{"v":8.525,"d":"8.53"},0.11,{"v":58.78,"d":"$58.78"},{"v":0.9377500000000001,"d":"0.94"},{"v":55.120945000000006,"d":"$55.12"},{"v":7.77,"d":"$7.77"},{"v":66.23925,"d":"$66.24"},{"v":0,"d":"$0.00"},{"v":0,"d":"$0.00"},{"v":121.360195,"d":"$121.36"}]
[{"$f":"IF(D28=0,\"\",1+MAX(A$12:A27))","v":13},null,"3/4'' Cold Water Pipe",69.94,"LF",{"v":0.1,"d":"10%"},{"v":76.934,"d":"76.93"},0.11,{"v":58.78,"d":"$58.78"},{"v":8.46274,"d":"8.46"},{"v":497.4398572,"d":"$497.44"},{"v":7.77,"d":"$7.77"},{"v":597.7771799999999,"d":"$597.78"},{"v":0,"d":"$0.00"},{"v":0,"d":"$0.00"},{"v":1095.2170372,"d":"$1,095.22"}]
[{"$f":"IF(E29=0,\"\",1+MAX(A20:A23))","v":""},null,"Sanitary Pipes"]
[{"$f":"IF(D30=0,\"\",1+MAX(A$12:A29))","v":14},null,"4'' Waste Pipe",61.55,"LF",{"v":0.1,"d":"10%"},{"$f":"(F30*D30)+D30","v":{"v":67.705,"d":"67.71"}},{"v":0.306,"d":"0.31"},{"v":58.78,"d":"$58.78"},{"$f":"H30*G30","v":{"v":20.71773,"d":"20.72"}},{"$f":"I30*J30","v":{"v":1217.7881694,"d":"$1,217.79"}},{"v":23.7,"d":"$23.70"},{"$f":"L30*G30","v":{"v":1604.6084999999998,"d":"$1,604.61"}},{"v":0,"d":"$0.00"},{"$f":"N30*G30","v":{"v":0,"d":"$0.00"}},{"$f":"IF(D30=\"\",\"\",(K30+M30+O30))","v":{"v":2822.3966694,"d":"$2,822.40"}}]
[{"$f":"IF(D31=0,\"\",1+MAX(A$12:A30))","v":15},null,"3'' Waste Pipe",19.38,"LF",{"v":0.1,"d":"10%"},{"v":21.317999999999998,"d":"21.32"},0.28,{"v":58.78,"d":"$58.78"},{"v":5.96904,"d":"5.97"},{"v":350.86017119999997,"d":"$350.86"},{"v":18.3,"d":"$18.30"},{"v":390.1194,"d":"$390.12"},{"v":0,"d":"$0.00"},{"v":0,"d":"$0.00"},{"v":740.9795712,"d":"$740.98"}]
[{"$f":"IF(D32=0,\"\",1+MAX(A$12:A31))","v":16},null,"1-1/2''Waste Pipe",5.78,"LF",{"v":0.1,"d":"10%"},{"v":6.3580000000000005,"d":"6.36"},{"v":0.195,"d":"0.20"},{"v":58.78,"d":"$58.78"},{"v":1.23981,"d":"1.24"},{"v":72.8760318,"d":"$72.88"},{"v":9.9,"d":"$9.90"},{"v":62.94420000000001,"d":"$62.94"},{"v":0,"d":"$0.00"},{"v":0,"d":"$0.00"},{"v":135.82023180000002,"d":"$135.82"}]
[{"$f":"IF(D33=0,\"\",1+MAX(A$12:A32))","v":17},null,"3/4'' PVC Drain Line",25.64,"LF",{"v":0.1,"d":"10%"},{"v":28.204,"d":"28.20"},{"v":0.1,"d":"0.10"},{"v":58.78,"d":"$58.78"},{"v":2.8204000000000002,"d":"2.82"},{"v":165.78311200000002,"d":"$165.78"},{"v":5.08,"d":"$5.08"},{"v":143.27632,"d":"$143.28"},{"v":0,"d":"$0.00"},{"v":0,"d":"$0.00"},{"v":309.059432,"d":"$309.06"}]
[{"$f":"IF(D34=0,\"\",1+MAX(A$12:A33))","v":18},null,"2'' Oil Waste Pipe",69.08,"LF",{"v":0.1,"d":"10%"},{"v":75.988,"d":"75.99"},{"v":0.2,"d":"0.20"},{"v":58.78,"d":"$58.78"},{"v":15.197600000000001,"d":"15.20"},{"v":893.3149280000001,"d":"$893.31"},{"v":13.2,"d":"$13.20"},{"v":1003.0415999999999,"d":"$1,003.04"},{"v":0,"d":"$0.00"},{"v":0,"d":"$0.00"},{"v":1896.356528,"d":"$1,896.36"}]
[{"$f":"IF(E35=0,\"\",1+MAX(A20:A30))","v":""},null,"Vent Pipes"]
[{"$f":"IF(D36=0,\"\",1+MAX(A$12:A35))","v":19},null,"1-1/2'' Vent Pipe",9.88,"LF",{"v":0.1,"d":"10%"},{"$f":"(F36*D36)+D36","v":{"v":10.868,"d":"10.87"}},{"v":0.195,"d":"0.20"},{"v":58.78,"d":"$58.78"},{"$f":"H36*G36","v":{"v":2.11926,"d":"2.12"}},{"$f":"I36*J36","v":{"v":124.57010280000002,"d":"$124.57"}},{"v":9.9,"d":"$9.90"},{"$f":"L36*G36","v":{"v":107.59320000000001,"d":"$107.59"}},{"v":0,"d":"$0.00"},{"$f":"N36*G36","v":{"v":0,"d":"$0.00"}},{"$f":"IF(D36=\"\",\"\",(K36+M36+O36))","v":{"v":232.16330280000003,"d":"$232.16"}}]
[{"$f":"IF(D37=0,\"\",1+MAX(A$12:A36))","v":20},null,"2'' Vent Pipe",80.41,"LF",{"v":0.1,"d":"10%"},{"v":88.451,"d":"88.45"},{"v":0.2,"d":"0.20"},{"v":58.78,"d":"$58.78"},{"v":17.6902,"d":"17.69"},{"v":1039.829956,"d":"$1,039.83"},{"v":13.2,"d":"$13.20"},{"v":1167.5531999999998,"d":"$1,167.55"},{"v":0,"d":"$0.00"},{"v":0,"d":"$0.00"},{"v":2207.383156,"d":"$2,207.38"}]
[{"$f":"IF(E38=0,\"\",1+MAX(A22:A36))","v":""},null,"Pipes Insulation "]
[{"$f":"IF(D39=0,\"\",1+MAX(A$12:A38))","v":21},null,"Heat Tape",{"v":202,"d":"202.00"},"LF",{"v":0.1,"d":"10%"},{"$f":"(F39*D39)+D39","v":{"v":222.2,"d":"222.20"}},{"v":0.048,"d":"0.05"},{"v":58.78,"d":"$58.78"},{"$f":"H39*G39","v":{"v":10.6656,"d":"10.67"}},{"$f":"I39*J39","v":{"v":626.923968,"d":"$626.92"}},{"v":1.6520000000000001,"d":"$1.65"},{"$f":"L39*G39","v":{"v":367.0744,"d":"$367.07"}},{"v":0,"d":"$0.00"},{"$f":"N39*G39","v":{"v":0,"d":"$0.00"}},{"$f":"IF(D39=\"\",\"\",(K39+M39+O39))","v":{"v":993.998368,"d":"$994.00"}}]
[{"$f":"IF(E40=0,\"\",1+MAX(A29:A39))","v":""},null,"Plumbing Fixtures"]
[{"$f":"IF(D41=0,\"\",1+MAX(A$12:A40))","v":22},null,"FPHB: Freeze Proof Hose Bibb\r\nManuf & Model#: J.R. Smith, 5509QT",{"v":3,"d":"3.00"},"EA",{"v":0,"d":"0%"},{"$f":"(F41*D41)+D41","v":{"v":3,"d":"3.00"}},{"v":5.928,"d":"5.93"},{"v":58.78,"d":"$58.78"},{"$f":"H41*G41","v":{"v":17.784,"d":"17.78"}},{"$f":"I41*J41","v":{"v":1045.34352,"d":"$1,045.34"}},{"v":471.35,"d":"$471.35"},{"$f":"L41*G41","v":{"v":1414.0500000000002,"d":"$1,414.05"}},{"v":0,"d":"$0.00"},{"$f":"N41*G41","v":{"v":0,"d":"$0.00"}},{"$f":"IF(D41=\"\",\"\",(K41+M41+O41))","v":{"v":2459.39352,"d":"$2,459.39"}}]
[{"$f":"IF(D42=0,\"\",1+MAX(A$12:A41))","v":23},null,"WC: Water Closet\r\nManuf & Closet: American Standard, Cadet 2998.012",{"v":2,"d":"2.00"},"EA",{"v":0,"d":"0%"},{"v":2,"d":"2.00"},{"v":5.347,"d":"5.35"},{"v":58.78,"d":"$58.78"},{"v":10.694,"d":"10.69"},{"v":628.5933200000001,"d":"$628.59"},{"v":328.42,"d":"$328.42"},{"v":656.84,"d":"$656.84"},{"v":0,"d":"$0.00"},{"v":0,"d":"$0.00"},{"v":1285.43332,"d":"$1,285.43"}]
[{"$f":"IF(D43=0,\"\",1+MAX(A$12:A42))","v":24},null,"HB: Hose Bibb\r\nManuf & Model#: Woodford, 24P",{"v":1,"d":"1.00"},"EA",{"v":0,"d":"0%"},{"v":1,"d":"1.00"},{"v":1.429,"d":"1.43"},{"v":58.78,"d":"$58.78"},{"v":1.429,"d":"1.43"},{"v":83.99662000000001,"d":"$84.00"},{"v":84.9,"d":"$84.90"},{"v":84.9,"d":"$84.90"},{"v":0,"d":"$0.00"},{"v":0,"d":"$0.00"},{"v":168.89662,"d":"$168.90"}]
[{"$f":"IF(D44=0,\"\",1+MAX(A$12:A43))","v":25},null,"Lavatory\r\nManuf & Model#: American Standard, 0124.024\r\nFaucet/Valve\r\nManuf & Model#: Delta, 523 WF HDF",{"v":1,"d":"1.00"},"EA",{"v":0,"d":"0%"},{"v":1,"d":"1.00"},{"v":5.126,"d":"5.13"},{"v":58.78,"d":"$58.78"},{"v":5.126,"d":"5.13"},{"v":301.30628,"d":"$301.31"},{"v":321.07,"d":"$321.07"},{"v":321.07,"d":"$321.07"},{"v":0,"d":"$0.00"},{"v":0,"d":"$0.00"},{"v":622.37628,"d":"$622.38"}]
[{"$f":"IF(D45=0,\"\",1+MAX(A$12:A44))","v":26},null,"WH: Water Heater\r\nManuf & Model#: Eemax, SP35",{"v":2,"d":"2.00"},"EA",{"v":0,"d":"0%"},{"v":2,"d":"2.00"},{"v":4.512,"d":"4.51"},{"v":58.78,"d":"$58.78"},{"v":9.024,"d":"9.02"},{"v":530.43072,"d":"$530.43"},{"v":264.55,"d":"$264.55"},{"v":529.1,"d":"$529.10"},{"v":0,"d":"$0.00"},{"v":0,"d":"$0.00"},{"v":1059.53072,"d":"$1,059.53"}]
[{"$f":"IF(D46=0,\"\",1+MAX(A$12:A45))","v":27},null,"Mop Sink\r\nManuf & Model#: Mustee, 19F\r\nFaucet/Valve\r\nManuf & Model#: Mustee, 93.600",{"v":1,"d":"1.00"},"EA",{"v":0,"d":"0%"},{"v":1,"d":"1.00"},{"v":4.988,"d":"4.99"},{"v":58.78,"d":"$58.78"},{"v":4.988,"d":"4.99"},{"v":293.19464000000005,"d":"$293.19"},{"v":291.82,"d":"$291.82"},{"v":291.82,"d":"$291.82"},{"v":0,"d":"$0.00"},{"v":0,"d":"$0.00"},{"v":585.0146400000001,"d":"$585.01"}]
[{"$f":"IF(E47=0,\"\",1+MAX(A35:A41))","v":""},null,"Plumbing Fittings"]
[{"$f":"IF(D48=0,\"\",1+MAX(A$12:A47))","v":28},null,"1/2'' 90 Degree Radius Elbow",{"v":26,"d":"26.00"},"EA",{"v":0,"d":"0%"},{"$f":"(F48*D48)+D48","v":{"v":26,"d":"26.00"}},{"v":0.3393296703296703,"d":"0.34"},{"v":58.78,"d":"$58.78"},{"$f":"H48*G48","v":{"v":8.822571428571429,"d":"8.82"}},{"$f":"I48*J48","v":{"v":518.5907485714285,"d":"$518.59"}},{"v":10.95,"d":"$10.95"},{"$f":"L48*G48","v":{"v":284.7,"d":"$284.70"}},{"v":0,"d":"$0.00"},{"$f":"N48*G48","v":{"v":0,"d":"$0.00"}},{"$f":"IF(D48=\"\",\"\",(K48+M48+O48))","v":{"v":803.2907485714286,"d":"$803.29"}}]
[{"$f":"IF(D49=0,\"\",1+MAX(A$12:A48))","v":29},null,"1'' 90 Degree Radius Elbow",{"v":3,"d":"3.00"},"EA",{"v":0,"d":"0%"},{"v":3,"d":"3.00"},{"v":0.3943846153846154,"d":"0.39"},{"v":58.78,"d":"$58.78"},{"v":1.1831538461538462,"d":"1.18"},{"v":69.54578307692309,"d":"$69.55"},{"v":15.96,"d":"$15.96"},{"v":47.88,"d":"$47.88"},{"v":0,"d":"$0.00"},{"v":0,"d":"$0.00"},{"v":117.4257830769231,"d":"$117.43"}]
[{"$f":"IF(D50=0,\"\",1+MAX(A$12:A49))","v":30},null,"3/4'' 90 Degree Radius Elbow",{"v":16,"d":"16.00"},"EA",{"v":0,"d":"0%"},{"v":16,"d":"16.00"},{"v":0.36735164835164835,"d":"0.37"},{"v":58.78,"d":"$58.78"},{"v":5.877626373626374,"d":"5.88"},{"v":345.48687824175823,"d":"$345.49"},{"v":13.5,"d":"$13.50"},{"v":216,"d":"$216.00"},{"v":0,"d":"$0.00"},{"v":0,"d":"$0.00"},{"v":561.4868782417582,"d":"$561.49"}]
[{"$f":"IF(D51=0,\"\",1+MAX(A$12:A50))","v":31},null,"(1/2'',1/2'',1/2'') Tee",{"v":3,"d":"3.00"},"EA",{"v":0,"d":"0%"},{"v":3,"d":"3.00"},{"v":0.39976923076923077,"d":"0.40"},{"v":58.78,"d":"$58.78"},{"v":1.1993076923076922,"d":"1.20"},{"v":70.49530615384614,"d":"$70.50"},{"v":16.45,"d":"$16.45"},{"v":49.349999999999994,"d":"$49.35"},{"v":0,"d":"$0.00"},{"v":0,"d":"$0.00"},{"v":119.84530615384614,"d":"$119.85"}]
[{"$f":"IF(D52=0,\"\",1+MAX(A$12:A51))","v":32},null,"(1'',1'',3/4'') Tee",{"v":2,"d":"2.00"},"EA",{"v":0,"d":"0%"},{"v":2,"d":"2.00"},{"v":0.497021978021978,"d":"0.50"},{"v":58.78,"d":"$58.78"},{"v":0.994043956043956,"d":"0.99"},{"v":58.42990373626373,"d":"$58.43"},{"v":25.3,"d":"$25.30"},{"v":50.6,"d":"$50.60"},{"v":0,"d":"$0.00"},{"v":0,"d":"$0.00"},{"v":109.02990373626373,"d":"$109.03"}]
[{"$f":"IF(D53=0,\"\",1+MAX(A$12:A52))","v":33},null,"(1'',1'',1/2'') Tee",{"v":3,"d":"3.00"},"EA",{"v":0,"d":"0%"},{"v":3,"d":"3.00"},{"v":0.4794395604395605,"d":"0.48"},{"v":58.78,"d":"$58.78"},{"v":1.4383186813186815,"d":"1.44"},{"v":84.5443720879121,"d":"$84.54"},{"v":23.7,"d":"$23.70"},{"v":71.1,"d":"$71.10"},{"v":0,"d":"$0.00"},{"v":0,"d":"$0.00"},{"v":155.64437208791207,"d":"$155.64"}]
[{"$f":"IF(D54=0,\"\",1+MAX(A$12:A53))","v":34},null,"(3/4'',3/4'',3/4'') Tee",{"v":1,"d":"1.00"},"EA",{"v":0,"d":"0%"},{"v":1,"d":"1.00"},{"v":0.4552637362637363,"d":"0.46"},{"v":58.78,"d":"$58.78"},{"v":0.4552637362637363,"d":"0.46"},{"v":26.76040241758242,"d":"$26.76"},{"v":21.5,"d":"$21.50"},{"v":21.5,"d":"$21.50"},{"v":0,"d":"$0.00"},{"v":0,"d":"$0.00"},{"v":48.26040241758242,"d":"$48.26"}]
[{"$f":"IF(D55=0,\"\",1+MAX(A$12:A54))","v":35},null,"2'' 90 Degree Radius Elbow",{"v":7,"d":"7.00"},"EA",{"v":0,"d":"0%"},{"v":7,"d":"7.00"},{"v":0.5654285714285714,"d":"0.57"},{"v":58.78,"d":"$58.78"},{"v":3.9579999999999997,"d":"3.96"},{"v":232.65124,"d":"$232.65"},{"v":31.525,"d":"$31.53"},{"v":220.67499999999998,"d":"$220.68"},{"v":0,"d":"$0.00"},{"v":0,"d":"$0.00"},{"v":453.32624,"d":"$453.33"}]
[{"$f":"IF(D56=0,\"\",1+MAX(A$12:A55))","v":36},null,"2'' 45 Degree Radius Elbow",{"v":9,"d":"9.00"},"EA",{"v":0,"d":"0%"},{"v":9,"d":"9.00"},{"v":0.5174615384615384,"d":"0.52"},{"v":58.78,"d":"$58.78"},{"v":4.657153846153846,"d":"4.66"},{"v":273.74750307692307,"d":"$273.75"},{"v":27.16,"d":"$27.16"},{"v":244.44,"d":"$244.44"},{"v":0,"d":"$0.00"},{"v":0,"d":"$0.00"},{"v":518.1875030769231,"d":"$518.19"}]
[{"$f":"IF(D57=0,\"\",1+MAX(A$12:A56))","v":37},null,"4'' 45 Degree Radius Elbow",{"v":4,"d":"4.00"},"EA",{"v":0,"d":"0%"},{"v":4,"d":"4.00"},{"v":0.9011978021978021,"d":"0.90"},{"v":58.78,"d":"$58.78"},{"v":3.6047912087912084,"d":"3.60"},{"v":211.88962725274723,"d":"$211.89"},{"v":62.08,"d":"$62.08"},{"v":248.32,"d":"$248.32"},{"v":0,"d":"$0.00"},{"v":0,"d":"$0.00"},{"v":460.2096272527472,"d":"$460.21"}]
[{"$f":"IF(D58=0,\"\",1+MAX(A$12:A57))","v":38},null,"3'' 45 Degree Radius Elbow",{"v":5,"d":"5.00"},"EA",{"v":0,"d":"0%"},{"v":5,"d":"5.00"},{"v":0.7306483516483516,"d":"0.73"},{"v":58.78,"d":"$58.78"},{"v":3.6532417582417582,"d":"3.65"},{"v":214.73755054945056,"d":"$214.74"},{"v":46.56,"d":"$46.56"},{"v":232.8,"d":"$232.80"},{"v":0,"d":"$0.00"},{"v":0,"d":"$0.00"},{"v":447.53755054945054,"d":"$447.54"}]
[{"$f":"IF(D59=0,\"\",1+MAX(A$12:A58))","v":39},null,"1-1/2'' 45 Degree Radius Elbow",{"v":2,"d":"2.00"},"EA",{"v":0,"d":"0%"},{"v":2,"d":"2.00"},{"v":0.4854835164835165,"d":"0.49"},{"v":58.78,"d":"$58.78"},{"v":0.970967032967033,"d":"0.97"},{"v":57.0734421978022,"d":"$57.07"},{"v":24.25,"d":"$24.25"},{"v":48.5,"d":"$48.50"},{"v":0,"d":"$0.00"},{"v":0,"d":"$0.00"},{"v":105.5734421978022,"d":"$105.57"}]
[{"$f":"IF(D60=0,\"\",1+MAX(A$12:A59))","v":40},null,"(4'',4'',2'') Wye",{"v":2,"d":"2.00"},"EA",{"v":0,"d":"0%"},{"v":2,"d":"2.00"},{"v":1.3915274725274727,"d":"1.39"},{"v":58.78,"d":"$58.78"},{"v":2.7830549450549453,"d":"2.78"},{"v":163.5879696703297,"d":"$163.59"},{"v":106.7,"d":"$106.70"},{"v":213.4,"d":"$213.40"},{"v":0,"d":"$0.00"},{"v":0,"d":"$0.00"},{"v":376.9879696703297,"d":"$376.99"}]
[{"$f":"IF(D61=0,\"\",1+MAX(A$12:A60))","v":41},null,"(2'',2'',1-1/2'') Wye",{"v":1,"d":"1.00"},"EA",{"v":0,"d":"0%"},{"v":1,"d":"1.00"},{"v":0.7519670329670329,"d":"0.75"},{"v":58.78,"d":"$58.78"},{"v":0.7519670329670329,"d":"0.75"},{"v":44.2006221978022,"d":"$44.20"},{"v":48.5,"d":"$48.50"},{"v":48.5,"d":"$48.50"},{"v":0,"d":"$0.00"},{"v":0,"d":"$0.00"},{"v":92.7006221978022,"d":"$92.70"}]
[{"$f":"IF(D62=0,\"\",1+MAX(A$12:A61))","v":42},null,"(2'',2'',3'') Wye",{"v":1,"d":"1.00"},"EA",{"v":0,"d":"0%"},{"v":1,"d":"1.00"},{"v":0.965153846153846,"d":"0.97"},{"v":58.78,"d":"$58.78"},{"v":0.965153846153846,"d":"0.97"},{"v":56.731743076923074,"d":"$56.73"},{"v":67.89999999999999,"d":"$67.90"},{"v":67.89999999999999,"d":"$67.90"},{"v":0,"d":"$0.00"},{"v":0,"d":"$0.00"},{"v":124.63174307692307,"d":"$124.63"}]
[{"$f":"IF(D63=0,\"\",1+MAX(A$12:A62))","v":43},null,"(2'',2'',2'') Double Wye",{"v":1,"d":"1.00"},"EA",{"v":0,"d":"0%"},{"v":1,"d":"1.00"},{"v":1.2316373626373627,"d":"1.23"},{"v":58.78,"d":"$58.78"},{"v":1.2316373626373627,"d":"1.23"},{"v":72.39564417582417,"d":"$72.40"},{"v":92.14999999999999,"d":"$92.15"},{"v":92.14999999999999,"d":"$92.15"},{"v":0,"d":"$0.00"},{"v":0,"d":"$0.00"},{"v":164.54564417582418,"d":"$164.55"}]
[{"$f":"IF(E64=0,\"\",1+MAX(A38:A48))","v":""},null,"Misc."]
[{"$f":"IF(D65=0,\"\",1+MAX(A$12:A64))","v":44},null,"Full Port Valve",{"v":11,"d":"11.00"},"EA",{"v":0,"d":"0%"},{"$f":"(F65*D65)+D65","v":{"v":11,"d":"11.00"}},{"v":1.547,"d":"1.55"},{"v":58.78,"d":"$58.78"},{"$f":"H65*G65","v":{"v":17.017,"d":"17.02"}},{"$f":"I65*J65","v":{"v":1000.25926,"d":"$1,000.26"}},{"v":80.94,"d":"$80.94"},{"$f":"L65*G65","v":{"v":890.3399999999999,"d":"$890.34"}},{"v":0,"d":"$0.00"},{"$f":"N65*G65","v":{"v":0,"d":"$0.00"}},{"$f":"IF(D65=\"\",\"\",(K65+M65+O65))","v":{"v":1890.59926,"d":"$1,890.60"}}]
[{"$f":"IF(D66=0,\"\",1+MAX(A$12:A65))","v":45},null,"Ball Valve",{"v":2,"d":"2.00"},"EA",{"v":0,"d":"0%"},{"v":2,"d":"2.00"},{"v":0.794,"d":"0.79"},{"v":58.78,"d":"$58.78"},{"v":1.588,"d":"1.59"},{"v":93.34264,"d":"$93.34"},{"v":42.15,"d":"$42.15"},{"v":84.3,"d":"$84.30"},{"v":0,"d":"$0.00"},{"v":0,"d":"$0.00"},{"v":177.64264,"d":"$177.64"}]
[{"$f":"IF(D67=0,\"\",1+MAX(A$12:A66))","v":46},null,"FD: 3'' Floor Drain",{"v":2,"d":"2.00"},"EA",{"v":0,"d":"0%"},{"v":2,"d":"2.00"},{"v":1.819,"d":"1.82"},{"v":58.78,"d":"$58.78"},{"v":3.638,"d":"3.64"},{"v":213.84164,"d":"$213.84"},{"v":104.98,"d":"$104.98"},{"v":209.96,"d":"$209.96"},{"v":0,"d":"$0.00"},{"v":0,"d":"$0.00"},{"v":423.80164,"d":"$423.80"}]
[{"$f":"IF(D68=0,\"\",1+MAX(A$12:A67))","v":47},null,"SO-1: Oil Interceptor",{"v":1,"d":"1.00"},"EA",{"v":0,"d":"0%"},{"v":1,"d":"1.00"},{"v":6.473,"d":"6.47"},{"v":58.78,"d":"$58.78"},{"v":6.473,"d":"6.47"},{"v":380.48294,"d":"$380.48"},{"v":2717.71,"d":"$2,717.71"},{"v":2717.71,"d":"$2,717.71"},{"v":0,"d":"$0.00"},{"v":0,"d":"$0.00"},{"v":3098.19294,"d":"$3,098.19"}]
[{"$f":"IF(D69=0,\"\",1+MAX(A$12:A68))","v":48},null,"SW-1\" Sample Well",{"v":1,"d":"1.00"},"EA",{"v":0,"d":"0%"},{"v":1,"d":"1.00"},3.95,{"v":58.78,"d":"$58.78"},3.95,{"v":232.181,"d":"$232.18"},{"v":481.8,"d":"$481.80"},{"v":481.8,"d":"$481.80"},{"v":0,"d":"$0.00"},{"v":0,"d":"$0.00"},{"v":713.981,"d":"$713.98"}]
[{"$f":"IF(D70=0,\"\",1+MAX(A$12:A69))","v":49},null,"2 Way Eco",{"v":2,"d":"2.00"},"EA",{"v":0,"d":"0%"},{"v":2,"d":"2.00"},{"v":2.674,"d":"2.67"},{"v":58.78,"d":"$58.78"},{"v":5.348,"d":"5.35"},{"v":314.35544,"d":"$314.36"},{"v":135.95,"d":"$135.95"},{"v":271.9,"d":"$271.90"},{"v":0,"d":"$0.00"},{"v":0,"d":"$0.00"},{"v":586.2554399999999,"d":"$586.26"}]
[{"$f":"IF(D71=0,\"\",1+MAX(A$12:A70))","v":50},null,"2'' Hub Drain",{"v":1,"d":"1.00"},"EA",{"v":0,"d":"0%"},{"v":1,"d":"1.00"},{"v":2.412,"d":"2.41"},{"v":58.78,"d":"$58.78"},{"v":2.412,"d":"2.41"},{"v":141.77736,"d":"$141.78"},{"v":126.49,"d":"$126.49"},{"v":126.49,"d":"$126.49"},{"v":0,"d":"$0.00"},{"v":0,"d":"$0.00"},{"v":268.26736,"d":"$268.27"}]
[{"$f":"IF(E72=0,\"\",1+MAX(A40:A65))","v":""},{"$nulls":13},"SUBTOTAL",{"$f":"SUM(P22:P71)","v":{"v":30223.715885643513,"d":"$30,223.72"}}]
[{"$f":"IF(E73=0,\"\",1+MAX(A41:A72))","v":""}]
["PROJECTED COST",{"$nulls":14},{"$f":"SUM(P11:P73)/2","v":{"v":33799.18147491514,"d":"$33,799"}}]
["OVERHEAD AND PROFIT",{"$nulls":13},{"v":0.2,"d":"20%"},{"$f":"$P$74*O75","v":{"v":6759.836294983028,"d":"$6,760"}}]
["INSURANCE",{"$nulls":13},{"v":0.03,"d":"3%"},{"$f":"$P$74*O76","v":{"v":1013.9754442474541,"d":"$1,014"}}]
["CONTINGENCY",{"$nulls":13},{"v":0.05,"d":"5%"},{"$f":"$P$74*O77","v":{"v":1689.959073745757,"d":"$1,690"}}]
["SUGGESTED BID",{"$nulls":14},{"$f":"SUM(P74:P77)","v":{"v":43262.95228789137,"d":"$43,263"}}]
["NOTES:"]
[null,"General Notes: The prices used while preparing the estimate were taken from RSMeans online i.e. the standard pricing. So, it is preferred to review the prices."]
[]
[null,null,"Note",{"$nulls":9},"Legend"]
[null,1,"The drawings are scaled as per the mentioned scales on the plans.",{"$nulls":9},"LBS = Pound "]
[{"$nulls":12},"SF= Square Feet"]
[{"$nulls":12},"LF = Linear Feet"]
[{"$nulls":12},"EA = Each"]
[{"$nulls":12},"CY = Cubic Yard"]
[{"$nulls":12},"SY = Square Yard"]
[{"$nulls":12},"LOC = Location"]
[{"$nulls":12},"LS = Lum Sum"]